LEADER 01116nam a2200265 i 4500 001 000000096870 003 CaOOAMICUS 005 20100105000000.0 008 100105s1994 fr u000 u fre u 013 $a69112 020 $a2-204-04740-6 040 $aSeMil$bita 100 1 $aBernard, Charles-André,$c.$0(OLS)http://semarc/name/774 245 14$aLes voies de l'intériorité /$cCharles-André Bernard. 260 $aParis :$bLes Éditions du Cerf,$c1994. 300 $a707 p. ;$c24 cm. 490 0 $aThéologies 773 0 $aBernard, Charles-André $tDieu des mystiques.$dParis : Les Éditions du Cerf, 1994-2000.$kThéologies$g1$w()21936 830 0$aThéologies.$0(OLS)http://semarc/title/9365 850 $aSeMil 852 $aSeMil$W1$xVenegono$y1$m2N VI 336$j56260$B56260$CSeMilBibl$Z2$F64471 $81 961 $aAcquisto: Cerf (Éditions) 996 $6020$a2-204-04740-6$9(OLS)http://semarc/number/53804 996 $6245$aLes voies de l'intériorité$9(OLS)http://semarc/title/119614 996 $6260$aParis :$bLes Éditions du Cerf$9(OLS)http://semarc/publisher/29611 LEADER 01004nam a2200241 i 4500 001 000000019478 003 CaOOAMICUS 005 20260407123724.0 008 180830s1922 it u000 u ita u 040 $aSeMil$bita 100 1 $aStendhal,$d<1783-1842>.$0(OLS)http://semarc/name/1317 240 13$aLa Chartreuse de Parme.$0(OLS)http://semarc/title/244914 245 13$aLa Certosa di Parma /$cStendhal (Henry Beyle) ; versione e notizia introduttiva di Maria Ortiz. 264 1$aFirenze :$bSansoni,$c[1922?] 300 $a2 v. (537 p.) ;$c17 cm. 490 1 $aBiblioteca sansoniana straniera ;$v19-20 700 1 $aOrtiz, Maria,$d<1881-1959>.$0(OLS)http://semarc/name/8691 774 0 $tVol. 1.$w()171352 774 0 $tVol. 2.$w()171353 830 0$aBiblioteca sansoniana straniera ;$v19-20.$0(OLS)http://semarc/title/19727 996 $6245$aLa Certosa di Parma$9(OLS)http://semarc/title/25627 996 $6264$aFirenze :$bSansoni$9(OLS)http://semarc/publisher/29843